| 000 | 00573nam a2200193Ia 4500 | ||
|---|---|---|---|
| 008 | 151119s9999||||xx |||||||||||||| ||und|| | ||
| 082 | _a891.467 | ||
| 082 | _bGKKV23667 | ||
| 100 | _aयादव आनंद | ||
| 245 | _aशेवटची लढाई | ||
| 260 | _aपुणे | ||
| 260 | _bमेहता पब्लीशिग हाउस | ||
| 260 | _c2002 | ||
| 600 | _aयादव आनंद | ||
| 630 | _aशेवटची लढाई | ||
| 700 | _aयादव आनंद | ||
| 730 | _aशेवटची लढाई | ||
| 942 | _cBOOK | ||
| 999 |
_c1076300 _d1076297 |
||